| 000 | 00535cam a2200169u 4500 | ||
|---|---|---|---|
| 082 |
_a82.3 _bMAR |
||
| 100 | 1 |
_aMarquand, John P. _949923 |
|
| 245 | 1 | 4 |
_aThe late George Apley, _ba novel in the form of a memoir, |
| 260 |
_aBoston, _bLittle, Brown, and company, _c1937. |
||
| 300 |
_a4 p.l., [3]-354 p. _c22 cm. |
||
| 526 |
_a0 _b0 _c0 _d82_300000000000000_MAR |
||
| 650 | 0 |
_aInheritance and succession _949924 |
|
| 650 | 0 |
_aRich people _928077 |
|
| 650 | 0 |
_aSocialites _927075 |
|
| 650 | 0 |
_aUpper class families _949925 |
|
| 942 |
_2ddc _cBK |
||
| 999 |
_c553364 _d553364 |
||